Los días de la semana en español - Statistics

General Stats
  • This quiz has been taken 90 times
    9 since last reset
  • The average score is 6 of 23
Answer Stats
Hint Answer % Correct
Tomorrow Mañana
100%
Tonight Esta noche
67%
This week Esta semana
67%
Last night Anoche
33%
Sunday domingo
33%
This weekend Este fin de semana
33%
Today Hoy
33%
Today is... Hoy es
33%
The Evening La noche
33%
Monday lunes
33%
Tomorrow morning Mañana por la mañana
33%
Tomorrow night Mañana por la noche
33%
Tuesday martes
33%
Wednesday miércoles
33%
Saturday sábado
33%
Yesterday Ayer
0%
Next weekend el próximo fin de semana
0%
Thursday jueves
0%
The Morning La mañana
0%
Next week la próxima semana
0%
The Afternoon La tarde
0%
What day is today? ¿Qué dia es hoy?
0%
Friday viernes
0%
No matching quizzes found
Score Distribution
Percent of People with Each Score
Percentile by Number Answered
Your Score History
You have not taken this quiz since the last reset